000 01094nam a2200229Ia 4500
001 L230-5605
003 IT-CnALBA
008 170116s9999||||xx |||||||||||||| ||und||
040 _aIT-CnALBA
_cIT-CnALBA
041 _aLATINO
100 _aBILLOT LUDOVICO, SJ.
245 0 _aDE ECCLESIAE SACRAMENTIS.
250 _a7a ed.
260 _aROMA
_bGREGORIANA PONTIFICIA UNIVERSITÀ
_c1930 [1° Ed.: n.d.]
300 _a478 p. (prefazione: 57)
500 _aPENITENZA VIRTÙ E SACRAMENTO. EFFETTI DELLA RICONCILIAZIONE O PENITENZA. PARTI DELLA PENITENZA. POTESTÀ DEL MINISTRO. UNZIONE DEGLI INFERMI. SACRAMENTO DELL'ORDINE. EPISCOPATO. MATRIMONIO E CARATTERISTICHE.
501 _aSocietà San Paolo EM - Piazza San Paolo, 14 - 12051 ALBA (CN) (non commercial uses only) ® Copyright 2017
520 _aPENITENZA VIRTÙ E SACRAMENTO. EFFETTI DELLA RICONCILIAZIONE O PENITENZA. PARTI DELLA PENITENZA. POTESTÀ DEL MINISTRO. UNZIONE DEGLI INFERMI. SACRAMENTO DELL'ORDINE. EPISCOPATO. MATRIMONIO E CARATTERISTICHE.
650 _aDOGMATICA CRISTIANA
942 _cBK
957 _71
999 _a6584
_bSI
_g Copie: 1
_c264791
_d264791